Na stráž! Ako funguje Kotlebova propaganda na Slovensku

Podpora strany Mariana Kotlebu ĽSNS neustále rastie. Popularitu získava najmä medzi mladými na sociálnych sieťach, osobných stretnutiach na dedinách, šírením propagandy a hoaxov. Extrémizmus sa na Slovensku stáva politickým mainstreamom. Ako zabrániť tomu, aby tu o pár rokov nevládli neofašisti?

Gespeichert in:
Bibliographische Detailangaben
1. Verfasser: Petková, Zuzana
Format: Buchkapitel
Sprache:Slowakisch
Schlagworte:
Tags: Tag hinzufügen
Keine Tags, Fügen Sie das erste Tag hinzu!

MARC

LEADER 00000naa a2200000 4500
001 0227567
005 20221104112701.1
041 0 |a slo 
044 |a SK 
245 1 0 |a Na stráž! Ako funguje Kotlebova propaganda na Slovensku  |c Zuzana Petková 
520 |a Podpora strany Mariana Kotlebu ĽSNS neustále rastie. Popularitu získava najmä medzi mladými na sociálnych sieťach, osobných stretnutiach na dedinách, šírením propagandy a hoaxov. Extrémizmus sa na Slovensku stáva politickým mainstreamom. Ako zabrániť tomu, aby tu o pár rokov nevládli neofašisti? 
610 2 0 |a extrémizmus 
610 2 0 |a fašizmus 
610 2 0 |a strany politické 
610 2 0 |a propaganda 
610 2 0 |a Rómovia 
610 2 0 |a Slovensko 
100 1 |a Petková, Zuzana